Friends Surnames Quiz Stats

 Plays Quiz Updated Jan 14, 2019

Support Sporcle.
Go Orange.
Score 0/74 Timer 10:00
0 Plays Today
% Correct
Ramoray
78.8%
Geller
77.3%
Geller
77.1%
Buffay
76.5%
Geller
76.5%
Buffay
75.2%
Buffay
74.7%
Bananahammock
74.4%
Green
74.2%
Buffay
71.7%
Geller
71.3%
Buffay
70.9%
Tribbiani
70.5%
Bong
70.3%
Buffay
70.2%
Geller-Green
69.1%
Bag
67.5%
Geller
66.7%
Tribbiani
66.3%
Tribbiani
65.4%
Phalange
65.3%
Bing
64.8%
Tribbiani
64.3%
Tribbiani
64.3%
Green
63.5%
Buffay
62.7%
Hannigan
62.4%
Tribbiani
59.5%
Green
59%
Burke
58.4%
Bing
58.3%
Green
58.3%
Burke
55.9%
Ki-Kek
54.2%
Tribbiani
54.1%
Bing
51.2%
Jones
49.7%
% Correct
Hannigan
49.2%
Becker
49.1%
Farber
49%
Bunch
45.1%
Willick
43.9%
Stephanopoulos
43.5%
Tribbiani
42.4%
Matthews
41.3%
Green
39.5%
Hornswoggle
39%
Bing
38.7%
Waltham
38.4%
Waltham
38.3%
Hunter-Farber
37.5%
Leonard
37.3%
Ganderson
37.1%
Hosenstein
34.7%
Lockhart
33.3%
Tribbiani
32.6%
Hobart
32.5%
McGroin
32.3%
Wheeler
31.9%
Stevens
31.5%
Lecroix
31.2%
Mitchell
29.1%
Handbasket
28.9%
Goldberg
23.7%
Colbert
23.2%
Buffamontesi
22.6%
Hayes
21.5%
Zebooker
21.1%
Robinson
20.9%
Moss
20.4%
Menuek
20.2%
Titweiller
19.9%
Poophack
18.6%
Bagina
15.2%

You're not logged in!

Compare scores with friends on all Sporcle quizzes.
OR
Log In
Forgot?

From the Vault

Jurassic Park Scenes in Order

by BoltAction

Movies 3m
Are you smarter than a velociraptor?
Remove Ads.
Support Sporcle.
Get the best of Sporcle when you Go Orange. This ad-free experience offers more features, more stats, and more fun while also helping to support Sporcle. Thank you for becoming a member.

Show Comments

Extras

Top Quizzes Today


Score Distribution

Your Account Isn't Verified!

In order to create a playlist on Sporcle, you need to verify the email address you used during registration. Go to your Sporcle Settings to finish the process.

Report this User

Report this user for behavior that violates our Community Guidelines.

Details: